Flotta di MSC Crociere - Statistics

Statistiche generali
  • Questo quiz è stato fatto 15 volte
  • Il punteggio medio è 18 su 23
Statistiche sulle risposte
Classe Anno di costruzione Navi % Corretto
Musica 2006 MSC Musica
100%
World * 2025 * MSC World America
100%
World 2022 MSC World Europa
100%
Fantasia 2008 MSC Fantasia
92%
Lirica 2003 MSC Lirica
92%
Meraviglia 2017 MSC Meraviglia
92%
Seaside 2017 MSC Seaside
92%
Lirica 2001 MSC Armonia
85%
Lirica 2004 MSC Opera
85%
Musica 2007 MSC Orchestra
85%
Meraviglia 2019 MSC Bellissima
77%
Musica 2010 MSC Magnifica
77%
Lirica 2002 MSC Sinfonia
77%
Musica 2008 MSC Poesia
69%
Seaside 2018 MSC Seaview
69%
Fantasia 2009 MSC Splendida
69%
Meraviglia Plus 2023 MSC Euribia
62%
Meraviglia Plus 2019 MSC Grandiosa
62%
Fantasia 2013 MSC Preziosa
62%
Seaside Evo 2022 MSC Seascape
62%
Fantasia 2012 MSC Divina
54%
Seaside Evo 2021 MSC Seashore
54%
Meraviglia Plus 2021 MSC Virtuosa
54%
Nessun quiz corrispondente trovato
Distribuzione punteggi
Percentuale di utenti per punteggio
Percentile per numero di risposta
I tuoi punteggi nel tempo
Non hai fatto questo quiz